000 00345nam a2200145Ia 4500
005 20251222143128.0
008 251222s9999||||xx |||||||||||||| ||spa||
020 _a8478851569
082 _a616.3/V65/T.II
100 _aVilardell, F.
245 0 _aEnfermedades Digestivas
250 _a2da. ed.
264 _bGrupo Aula Médica
942 _cLIB
999 _c11819
_d11819